[Event "NAYCC U16"]
[Site "Kingston CAN"]
[Date "2025.08.20"]
[Round "4.8"]
[White "Liu, Ethan"]
[Black "Hong, Zihan"]
[Result "1-0"]
[WhiteElo "2136"]
[BlackElo "1881"]
[WhiteFideId "-1"]
[WhiteFideId "-1"]
[PlyCount "157"]
[GameId "2216670418767788"]
[EventDate "2025.08.18"]
[EventType "swiss"]
[EventRounds "9"]
[EventCountry "CAN"]

1. e4 c5 2. Nf3 d6 3. d4 cxd4 4. Nxd4 Nf6 5. Nc3 g6 6. Be3 Bg7 7. f3 Nc6 8. Qd2 O-O 9. O-O-O d5 10. exd5 Nxd5 11. Nxc6 bxc6 12. Bd4 e5 13. Bc5 Be6 14. Ne4 Re8 15. h4 h6 16. g4 Qc7 17. h5 g5 18. Bc4 Red8 19. Qf2 Nf4 20. Bxe6 Nxe6 21. Bd6 Qb6 22. Rd2 Rd7 23. Rhd1 Rad8 24. Qxb6 axb6 25. c3 Ra7 26. Ba3 Rxd2 27. Rxd2 c5 28. Rd6 Rb7 29. Kc2 Bf8 30. Rd5 Bg7 31. Kb1 Ra7 32. Rd6 Rb7 33. b3 Bf8 34. Rd5 Kg7 35. Bc1 f6 36. Be3 Kf7 37. a4 Ra7 38. Kc2 Be7 39. Ng3 Ng7 40. Kd3 Ke6 41. Kc4 Ra5 42. Rd2 Bd6 43. Rd1 Be7 44. Rd2 Bd6 45. Rb2 Be7 46. Kd3 f5 47. gxf5+ Nxf5 48. Nxf5 Kxf5 49. Kc4 e4 50. Rf2 exf3 51. Rxf3+ Ke4 52. Rf7 Kxe3 53. Rxe7+ Kf3 54. Re6 g4 55. Rxh6 g3 56. Rg6 g2 57. h6 Kf2 58. Rf6+ Ke3 59. Rg6 Kf2 60. h7 Ra8 61. Kb5 g1=Q 62. Rxg1 Kxg1 63. Kxb6 Rh8 64. a5 Rxh7 65. a6 c4 66. bxc4 Kf2 67. a7 Rh6+ 68. Kb7 Rh7+ 69. Kb6 Rh6+ 70. Kb5 Rh8 71. c5 Ke3 72. c6 Ke4 73. Kb6 Ke5 74. c4 Ke6 75. c5 Rg8 76. Kb7 Rg7+ 77. c7 Rg8 78. c8=Q+ Rxc8 79. Kxc8 1-0

[Event "NAYCC U16"]
[Site "Kingston CAN"]
[Date "2025.08.20"]
[Round "4.9"]
[White "Kurup, Siddharth"]
[Black "Jiang, Barron Jiyu"]
[Result "0-1"]
[WhiteElo "2022"]
[BlackElo "1883"]
[WhiteFideId "-1"]
[WhiteFideId "-1"]
[PlyCount "124"]
[GameId "2216670418771885"]
[EventDate "2025.08.18"]
[EventType "swiss"]
[EventRounds "9"]
[EventCountry "CAN"]

1. d4 Nf6 2. c4 g6 3. Nc3 d5 4. cxd5 Nxd5 5. e4 Nxc3 6. bxc3 Bg7 7. Bb5+ c6 8. Ba4 O-O 9. Nf3 Qa5 10. Bd2 Bg4 11. O-O e6 12. Rb1 b5 13. Bb3 a6 14. Rc1 c5 15. c4 Bxf3 16. gxf3 b4 17. dxc5 Nd7 18. Bxb4 Qxb4 19. Qxd7 Qxc5 20. Qd2 Qh5 21. Rcd1 Bh6 22. f4 Qg4+ 23. Kh1 Qf3+ 24. Kg1 Bxf4 25. Qd3 Qg4+ 26. Kh1 Qh5 27. h3 Rad8 28. Qc3 Qe2 29. Kg2 Qxe4+ 30. Qf3 Qxf3+ 31. Kxf3 Bc7 32. Rxd8 Rxd8 33. Rd1 Rxd1 34. Bxd1 Bb6 35. Kg3 Kf8 36. f3 Ke7 37. Kf4 h6 38. Ke5 f6+ 39. Kf4 Kd6 40. Bb3 Bf2 41. Ke4 f5+ 42. Kd3 Ke5 43. Ke2 Bc5 44. Kf1 Kf4 45. Kg2 h5 46. Ba4 h4 47. Be8 g5 48. a4 e5 49. Bd7 e4 50. fxe4 fxe4 51. Bg4 Ke3 52. Kf1 Kd2 53. Bh5 Kc3 54. Ke2 Kb4 55. Be8 g4 56. Bc6 g3 57. Bxe4 Kxa4 58. Kf3 Kb4 59. Kg4 Bf2 60. Bg2 a5 61. Kxh4 a4 62. c5 Kxc5 0-1

[Event "NAYCC U16"]
[Site "Kingston CAN"]
[Date "2025.08.20"]
[Round "4.10"]
[White "Zhang, Brian"]
[Black "Pollitt, Henry"]
[Result "1-0"]
[WhiteElo "1985"]
[BlackElo "1813"]
[WhiteFideId "-1"]
[WhiteFideId "-1"]
[PlyCount "121"]
[GameId "2216670418628495"]
[EventDate "2025.08.18"]
[EventType "swiss"]
[EventRounds "9"]
[EventCountry "CAN"]

1. e4 e6 2. d4 d5 3. e5 c5 4. c3 Nc6 5. Nf3 Bd7 6. Bd3 Rc8 7. O-O cxd4 8. Re1 Qb6 9. h4 Nh6 10. Nbd2 dxc3 11. bxc3 Ng4 12. Re2 Bc5 13. Qe1 Bxf2+ 14. Rxf2 Qxf2+ 15. Qxf2 Nxf2 16. Kxf2 Na5 17. Bb2 b5 18. Re1 h6 19. Ke2 Kd8 20. Nd4 a6 21. Rf1 Be8 22. a4 Nc6 23. Nxc6+ Rxc6 24. a5 g5 25. hxg5 hxg5 26. Nf3 g4 27. Nd4 Rc7 28. Kd2 Rh5 29. Re1 Rh2 30. Re2 Rh1 31. Ba3 Ra1 32. Bb4 Ra2+ 33. Bc2 Ra1 34. Rf2 Rc4 35. Rf4 Ra2 36. Kc1 Ra1+ 37. Kd2 g3 38. Bb3 Rxb4 39. cxb4 Rg1 40. Ne2 Rxg2 41. Rg4 Ke7 42. Rxg3 Rxg3 43. Nxg3 f6 44. exf6+ Kxf6 45. Ke3 Ke5 46. Ne2 Kd6 47. Nf4 Bc6 48. Nd3 Bb7 49. Kd4 Bc8 50. Bd1 Bb7 51. Bh5 Bc8 52. Ne5 Bb7 53. Bf7 Bc8 54. Be8 Bb7 55. Bd7 Ke7 56. Kc5 Kf6 57. Kd6 d4 58. Bxe6 Be4 59. Bc8 d3 60. Nxd3 Bxd3 61. Bxa6 1-0

[Event "NAYCC U16"]
[Site "Kingston CAN"]
[Date "2025.08.20"]
[Round "4.11"]
[White "Qian, Eric"]
[Black "Tseng, Bradley"]
[Result "0-1"]
[WhiteElo "1967"]
[BlackElo "1786"]
[WhiteFideId "-1"]
[WhiteFideId "-1"]
[PlyCount "104"]
[GameId "2216670418644880"]
[EventDate "2025.08.18"]
[EventType "swiss"]
[EventRounds "9"]
[EventCountry "CAN"]

1. d4 d5 2. c4 dxc4 3. e3 Nf6 4. Bxc4 e6 5. Nf3 a6 6. a4 c5 7. O-O Nc6 8. Qe2 cxd4 9. Rd1 Qc7 10. exd4 Be7 11. Nc3 O-O 12. Bg5 Nb4 13. Rac1 Qa5 14. Ne5 Nfd5 15. Bd2 Qd8 16. Bb3 Bd7 17. Qe4 Be8 18. Qg4 Kh8 19. Qh3 Bd6 20. Ne4 Be7 21. Kh1 Rb8 22. f4 f6 23. Bxb4 Bxb4 24. Qxe6 Nxf4 25. Qc4 fxe5 26. Qxb4 Bh5 27. Rd2 Ne2 28. dxe5 Qh4 29. Rxe2 Bxe2 30. e6 Qf4 31. Rg1 Bd3 32. Bd5 Qe5 33. Nc3 Qe3 34. h3 Rfe8 35. Qh4 Bg6 36. Re1 Qc5 37. Qg3 Rbd8 38. Re5 Qd6 39. Qe3 Re7 40. Qg5 h6 41. Qf4 Rde8 42. Ne4 Qb8 43. Nc5 Rf8 44. Qe3 Rf1+ 45. Kh2 Rf5 46. Nd7 Qd6 47. Kg1 Rxe5 48. Nxe5 Be8 49. Qf3 Kg8 50. Nc4 Qc5+ 51. Kh2 Bc6 52. Bxc6 Qxc6 0-1

[Event "NAYCC U16"]
[Site "Kingston CAN"]
[Date "2025.08.20"]
[Round "4.12"]
[White "Wu, Nolan"]
[Black "Dukkardt, Vladimir"]
[Result "1/2-1/2"]
[WhiteElo "1926"]
[BlackElo "1774"]
[WhiteFideId "-1"]
[WhiteFideId "-1"]
[PlyCount "141"]
[GameId "2216670418657169"]
[EventDate "2025.08.18"]
[EventType "swiss"]
[EventRounds "9"]
[EventCountry "CAN"]

1. e4 c5 2. Nf3 d6 3. Bb5+ Nd7 4. a4 Ngf6 5. Nc3 g6 6. a5 Bg7 7. O-O a6 8. Be2 O-O 9. d3 b5 10. axb6 Bb7 11. Qd2 a5 12. Qg5 Qxb6 13. Qh4 Rfb8 14. Ng5 Bc6 15. Kh1 Nf8 16. f4 Qc7 17. Qg3 c4 18. e5 cxd3 19. cxd3 Nd5 20. d4 Nxc3 21. bxc3 f6 22. exd6 exd6 23. Nf3 Bb5 24. Bxb5 Rxb5 25. Ba3 f5 26. Nd2 d5 27. Rfe1 Bh6 28. Qd3 Rbb8 29. g3 Nd7 30. c4 Nf6 31. cxd5 Nxd5 32. Re5 Rd8 33. Rc1 Qb7 34. Qf3 Qd7 35. Rc5 Nf6 36. Bb2 Ng4 37. Red5 Qe7 38. Nf1 Rdb8 39. Ba3 Qe4 40. Qxe4 fxe4 41. Rc3 Rb1 42. Kg2 Bf8 43. h3 Bxa3 44. Rxa3 Rb2+ 45. Kg1 Nf2 46. Rdxa5 Rxa5 47. Rxa5 Nxh3+ 48. Kh1 Rf2 49. Ra1 Kf7 50. d5 Ke7 51. Re1 Kd6 52. Ne3 Ra2 53. Rc1 Re2 54. Rc6+ Kd7 55. Nc4 e3 56. Nb6+ Ke8 57. d6 Rd2 58. d7+ Ke7 59. Rc8 Kf7 60. Re8 Rxd7 61. Rxe3 Rd2 62. Nc4 Rc2 63. Ne5+ Kg7 64. Ng4 Nf2+ 65. Nxf2 Rxf2 66. Kg1 Ra2 67. g4 Ra4 68. Rf3 g5 69. fxg5 Rxg4+ 70. Kh2 Rxg5 71. Rg3 1/2-1/2

[Event "NAYCC U16"]
[Site "Kingston CAN"]
[Date "2025.08.20"]
[Round "4.13"]
[White "Guliyev, Nadir"]
[Black "Zhang, Daniel"]
[Result "1/2-1/2"]
[WhiteElo "1693"]
[BlackElo "1922"]
[WhiteFideId "-1"]
[WhiteFideId "-1"]
[PlyCount "103"]
[GameId "2216670418665362"]
[EventDate "2025.08.18"]
[EventType "swiss"]
[EventRounds "9"]
[EventCountry "CAN"]

1. c4 g6 2. Nc3 Bg7 3. g3 c5 4. Bg2 Nc6 5. Nf3 e5 6. d3 Nge7 7. O-O O-O 8. Ne1 f5 9. f4 d6 10. Nc2 Rb8 11. Rb1 Be6 12. Ne3 exf4 13. gxf4 Bf7 14. Ned5 Nxd5 15. cxd5 Ne7 16. e4 b5 17. Ne2 b4 18. b3 Qa5 19. Bb2 Rbe8 20. Bxg7 Kxg7 21. Qc2 Qb5 22. Ng3 h5 23. Rbe1 h4 24. Nh1 Qd7 25. Nf2 Ng8 26. Qb2+ Kh7 27. Nh3 Nh6 28. Ng5+ Kg8 29. h3 Qd8 30. Qf2 Qf6 31. Re2 Kg7 32. Qe3 fxe4 33. Nxe4 Nf5 34. Qf2 Qd8 35. Ng5 Qf6 36. Rfe1 Rxe2 37. Rxe2 Nd4 38. Re1 Rh8 39. Re3 a5 40. Nxf7 Kxf7 41. Kh1 Re8 42. Be4 a4 43. bxa4 Ra8 44. Qg2 Rxa4 45. Qg4 Nf5 46. Bxf5 Qxf5 47. Qxh4 Qxd5+ 48. Kg1 Qd4 49. Qh7+ Kf8 50. Qe7+ Kg8 51. Qe8+ Kg7 52. Qe7+ 1/2-1/2

[Event "NAYCC U16"]
[Site "Kingston CAN"]
[Date "2025.08.20"]
[Round "4.16"]
[White "Grosman, Ari"]
[Black "Kilari, Dattasai"]
[Result "0-1"]
[WhiteElo "1747"]
[BlackElo "1949"]
[WhiteFideId "-1"]
[WhiteFideId "-1"]
[PlyCount "128"]
[GameId "2216670418685845"]
[EventDate "2025.08.18"]
[EventType "swiss"]
[EventRounds "9"]
[EventCountry "CAN"]

1. d4 d5 2. Nf3 Nf6 3. Bf4 e6 4. e3 Bd6 5. Bg3 b6 6. Nbd2 c5 7. c3 O-O 8. Bd3 a5 9. e4 dxe4 10. Nxe4 Bxg3 11. hxg3 h6 12. Qe2 Ba6 13. O-O-O Bxd3 14. Nxf6+ Qxf6 15. Rxd3 Nc6 16. Qe4 Rfc8 17. g4 cxd4 18. Nxd4 Nxd4 19. Qxd4 Qg5+ 20. Kb1 Rd8 21. Qe4 Rxd3 22. Qxa8+ Rd8 23. Qe4 Qd2 24. f4 Qd3+ 25. Qxd3 Rxd3 26. Rh3 Rd2 27. Rg3 Rf2 28. g5 h5 29. Rh3 Rxf4 30. Rxh5 Rf1+ 31. Kc2 Rf2+ 32. Kb3 Rxg2 33. Ka3 g6 34. Rh1 Rxg5 35. b4 axb4+ 36. cxb4 b5 37. Rc1 Rd5 38. Kb3 Rd3+ 39. Kc2 Rh3 40. Rb1 Rh2+ 41. Kb3 g5 42. a4 Rh3+ 43. Kc2 bxa4 44. b5 Kg7 45. b6 Rh8 46. Kd3 g4 47. Kd4 Rb8 48. Kc5 f5 49. Kc6 g3 50. Kc7 Rxb6 51. Kxb6 f4 52. Kc5 Kg6 53. Kd4 Kf5 54. Kd3 Kg4 55. Ke2 e5 56. Ra1 Kh3 57. Kf3 g2 58. Rg1 e4+ 59. Kf2 f3 60. Rb1 Kh2 61. Re1 e3+ 62. Kxf3 g1=Q 63. Rxg1 Kxg1 64. Kxe3 a3 0-1

[Event "NAYCC U16"]
[Site "Kingston CAN"]
[Date "2025.08.20"]
[Round "4.17"]
[White "Mummidi, Aaryan"]
[Black "Yancey, Alice"]
[Result "1-0"]
[WhiteElo "1884"]
[BlackElo "1720"]
[WhiteFideId "-1"]
[WhiteFideId "-1"]
[PlyCount "59"]
[GameId "2216670418694038"]
[EventDate "2025.08.18"]
[EventType "swiss"]
[EventRounds "9"]
[EventCountry "CAN"]

1. d4 Nf6 2. c4 e6 3. Nf3 d5 4. Nc3 Bb4 5. Bg5 O-O 6. e3 c5 7. cxd5 exd5 8. dxc5 Bxc3+ 9. bxc3 Nbd7 10. Qd4 Qa5 11. Bd3 Ne4 12. O-O Ndxc5 13. Be7 Re8 14. Bxc5 Nxc5 15. Bc2 Ne4 16. c4 Nf6 17. c5 Be6 18. Ng5 Rac8 19. Qh4 h6 20. Nxe6 fxe6 21. Bg6 Re7 22. Rac1 e5 23. e4 d4 24. f4 Rxc5 25. fxe5 Rexe5 26. Rcd1 Qxa2 27. Rxd4 Rc8 28. Rd3 Rg5 29. Rg3 Rxg3 30. Qxg3 {...} 1-0

[Event "NAYCC U16"]
[Site "Kingston CAN"]
[Date "2025.08.20"]
[Round "4.18"]
[White "McCallum, Elliot"]
[Black "Harit, Neil"]
[Result "1-0"]
[WhiteElo "1882"]
[BlackElo "1620"]
[WhiteFideId "-1"]
[WhiteFideId "-1"]
[PlyCount "87"]
[GameId "2216670418698135"]
[EventDate "2025.08.18"]
[EventType "swiss"]
[EventRounds "9"]
[EventCountry "CAN"]

1. e4 c5 2. c3 Nf6 3. e5 Nd5 4. Nf3 Nc6 5. Bc4 e6 6. O-O d6 7. d4 cxd4 8. cxd4 Be7 9. Bxd5 exd5 10. Nc3 dxe5 11. dxe5 Be6 12. Nd4 Nxd4 13. Qxd4 O-O 14. Be3 Qd7 15. Rad1 Rfd8 16. Rd2 b6 17. Rfd1 Qb7 18. Qa4 Rd7 19. Ne2 b5 20. Qd4 Rc8 21. b3 Bd8 22. Qb2 Bc7 23. f4 Bg4 24. Rc1 Bxe2 25. Rxe2 d4 26. Rd2 Rcd8 27. Bf2 Bb6 28. Rd3 Qe4 29. Qd2 h6 30. Re1 Qf5 31. Rd1 a5 32. Bh4 Rc8 33. Bf2 Qe4 34. Re1 Qd5 35. f5 Rdc7 36. Rg3 Kh7 37. f6 g6 38. Rh3 h5 39. Rxh5+ gxh5 40. Qg5 Qxg2+ 41. Qxg2 Rg8 42. Bg3 Rc2 43. Qe4+ Kh6 44. Kh1 1-0

[Event "NAYCC U16"]
[Site "Kingston CAN"]
[Date "2025.08.20"]
[Round "4.19"]
[White "Li, Edward"]
[Black "Tan, Rex"]
[Result "1-0"]
[WhiteElo "1844"]
[BlackElo "1702"]
[WhiteFideId "-1"]
[WhiteFideId "-1"]
[PlyCount "59"]
[GameId "2216670418702232"]
[EventDate "2025.08.18"]
[EventType "swiss"]
[EventRounds "9"]
[EventCountry "CAN"]

1. e4 c5 2. Nc3 a6 3. f4 Nc6 4. Nf3 e6 5. Be2 Be7 6. O-O d6 7. d4 cxd4 8. Nxd4 Qb6 9. Be3 e5 10. Nd5 Qd8 11. Nxc6 bxc6 12. Bb6 Qd7 13. Nc7+ Kf8 14. fxe5 Bd8 15. e6 Bxc7 16. exd7 Bxb6+ 17. Kh1 Bxd7 18. Qxd6+ Ke8 19. Rxf7 Kxf7 20. Qxd7+ Kf8 21. Rf1+ Nf6 22. Bc4 Ra7 23. Qc8+ Ke7 24. Qxh8 Kd6 25. Qb8+ Rc7 26. Qxb6 Re7 27. Rd1+ Ke5 28. Qc5+ Kf4 29. Qf5+ Ke3 30. Qf3# 1-0

[Event "NAYCC U16"]
[Site "Kingston CAN"]
[Date "2025.08.20"]
[Round "4.20"]
[White "Fillmore, Louis"]
[Black "Sethi, Aaron"]
[Result "0-1"]
[WhiteElo "1708"]
[BlackElo "1811"]
[WhiteFideId "-1"]
[WhiteFideId "-1"]
[PlyCount "94"]
[GameId "2216670418702234"]
[EventDate "2025.08.18"]
[EventType "swiss"]
[EventRounds "9"]
[EventCountry "CAN"]

1. e4 c6 2. d4 d5 3. f3 e6 4. Nc3 Nd7 5. a3 b5 6. Nh3 a6 7. Be3 dxe4 8. fxe4 Bb7 9. Qd2 c5 10. Nf2 cxd4 11. Bxd4 Ne7 12. O-O-O Nc6 13. Be3 b4 14. axb4 Bxb4 15. Nd3 a5 16. Kb1 O-O 17. Nf4 Qf6 18. Bb5 Rfd8 19. Rhf1 Qe7 20. Nd3 Nde5 21. Bb6 Rd7 22. Qe3 Bxc3 23. bxc3 Ba6 24. Bxa6 Rxa6 25. Nxe5 Nxe5 26. Bc5 Rb7+ 27. Kc1 Qe8 28. Qd4 Nc6 29. Qc4 Ra8 30. Rd6 Rab8 31. Rfd1 h6 32. Qa4 Rb5 33. Ba3 Ne5 34. Qd4 Rb1+ 35. Kd2 Rxd1+ 36. Kxd1 Ng6 37. Rd7 Kh7 38. Qa7 Rd8 39. Rd4 e5 40. Rd5 Nf4 41. Rd2 Rxd2+ 42. Kxd2 Qa4 43. Bd6 Qxe4 44. Qxf7 a4 45. g3 Qe2+ 46. Kc1 Qf1+ 47. Kb2 Nd3+ 0-1

[Event "NAYCC U16"]
[Site "Kingston CAN"]
[Date "2025.08.20"]
[Round "4.23"]
[White "Gao, Yiguo"]
[Black "Huang, Eric"]
[Result "0-1"]
[WhiteElo "1650"]
[BlackElo "1773"]
[WhiteFideId "-1"]
[WhiteFideId "-1"]
[PlyCount "50"]
[GameId "2216670418702237"]
[EventDate "2025.08.18"]
[EventType "swiss"]
[EventRounds "9"]
[EventCountry "CAN"]

1. e4 e6 2. Nf3 d5 3. Nc3 d4 4. Ne2 c5 5. c3 Nf6 6. e5 Nfd7 7. cxd4 cxd4 8. Nexd4 Nxe5 9. Nxe5 Qxd4 10. Bb5+ Bd7 11. Nxd7 Nxd7 12. O-O a6 13. Ba4 Be7 14. d3 b5 15. Bb3 Nc5 16. Bc2 O-O 17. Rb1 Rac8 18. Be3 Qd5 19. d4 Ne4 20. Qd3 f5 21. f3 Nc5 22. Qa3 Qc4 23. Rbc1 b4 24. Qa5 Nb7 25. Bb3 Qxf1+ 0-1

[Event "NAYCC U16"]
[Site "Kingston CAN"]
[Date "2025.08.20"]
[Round "5.1"]
[White "Wang, Nathan"]
[Black "Wu, Jonathan"]
[Result "0-1"]
[WhiteElo "1994"]
[BlackElo "2130"]
[WhiteFideId "-1"]
[WhiteFideId "-1"]
[PlyCount "106"]
[GameId "2217419106551722"]
[EventDate "2025.08.18"]
[EventType "swiss"]
[EventRounds "9"]
[EventCountry "CAN"]

1. e4 c5 2. Nf3 d6 3. d4 cxd4 4. Nxd4 Nf6 5. Nc3 a6 6. Be3 e5 7. Nf3 Be7 8. Nd2 Ng4 9. Nc4 Nxe3 10. Nxe3 Be6 11. g3 Nd7 12. Bg2 Nf6 13. O-O Rc8 14. Nf5 O-O 15. Qf3 b5 16. Rac1 b4 17. Nxe7+ Qxe7 18. Nd5 Bxd5 19. exd5 Rc5 20. Rfd1 Rfc8 21. Qb3 a5 22. a3 Rb8 23. c3 Qc7 24. axb4 axb4 25. c4 Ra5 26. Ra1 Nd7 27. Qe3 Rba8 28. Rab1 Qc5 29. Qd3 Ra2 30. Rf1 Nb6 31. b3 g6 32. h4 Kg7 33. h5 f5 34. g4 fxg4 35. hxg6 hxg6 36. Be4 Rf8 37. Qg3 Rf4 38. Ra1 Ra3 39. Bc2 Nd7 40. Qd3 Nf8 41. Qg3 Nh7 42. Qh4 Qa7 43. Rab1 Ra2 44. Rbc1 e4 45. c5 dxc5 46. Kg2 Nf6 47. Rh1 Nh5 48. Qg5 Rf5 49. Qxg4 c4 50. Rhf1 cxb3 51. Bxe4 Rfxf2+ 52. Rxf2 Qxf2+ 53. Kh3 Qh2# 0-1

[Event "NAYCC U16"]
[Site "Kingston CAN"]
[Date "2025.08.20"]
[Round "5.2"]
[White "Lu, Tony"]
[Black "Darvekar, Yash"]
[Result "1-0"]
[WhiteElo "1974"]
[BlackElo "1934"]
[WhiteFideId "-1"]
[WhiteFideId "-1"]
[PlyCount "109"]
[GameId "2217419106781109"]
[EventDate "2025.08.18"]
[EventType "swiss"]
[EventRounds "9"]
[EventCountry "CAN"]

1. e4 c5 2. Nf3 d6 3. d4 cxd4 4. Nxd4 Nf6 5. Nc3 a6 6. Be3 e5 7. Nf3 Be7 8. Bc4 O-O 9. O-O Be6 10. Bxe6 fxe6 11. Na4 Ng4 12. Qd3 Nxe3 13. Qxe3 b5 14. Nb6 Ra7 15. Nd5 Rd7 16. Nxe7+ Qxe7 17. Rfd1 Rc7 18. c3 Nd7 19. Rd2 Nc5 20. Rad1 Rc6 21. g3 Na4 22. Qe2 Nb6 23. Rd3 Nc4 24. Kg2 Rb8 25. b3 Nb6 26. Qd2 d5 27. Nxe5 Rcc8 28. exd5 exd5 29. Re1 Qb7 30. Kg1 a5 31. Ng4 Re8 32. Rde3 Re4 33. f3 Rxe3 34. Qxe3 h6 35. Qd3 Nd7 36. Re7 Qb6+ 37. Kg2 Qd6 38. Nxh6+ Qxh6 39. Qxd5+ Kh7 40. Qf5+ Kh8 41. Qxd7 a4 42. Qh3 Qxh3+ 43. Kxh3 Rc8 44. bxa4 bxa4 45. Re3 Rc4 46. f4 Kh7 47. Kg4 Kg6 48. Kf3 Kf6 49. Ke2 g5 50. fxg5+ Kxg5 51. Kd3 Rc8 52. c4 Rb8 53. c5 Rb1 54. Re2 Kg4 55. c6 1-0

[Event "NAYCC U16"]
[Site "Kingston CAN"]
[Date "2025.08.20"]
[Round "5.3"]
[White "Colville, Julian"]
[Black "Manivannan, Prajit"]
[Result "1-0"]
[WhiteElo "2287"]
[BlackElo "1809"]
[WhiteFideId "-1"]
[WhiteFideId "-1"]
[PlyCount "65"]
[GameId "2217419106842560"]
[EventDate "2025.08.18"]
[EventType "swiss"]
[EventRounds "9"]
[EventCountry "CAN"]

1. e4 c5 2. Nc3 a6 3. g3 b5 4. Bg2 Bb7 5. Nh3 e6 6. O-O Nc6 7. d3 d6 8. f4 Nf6 9. f5 Be7 10. fxe6 fxe6 11. Nf4 Qd7 12. Bh3 Nd8 13. Ncd5 Nxd5 14. Qh5+ g6 15. Nxg6 Nf6 16. Rxf6 Bxf6 17. Ne5+ Qf7 18. Nxf7 Nxf7 19. Bxe6 Rf8 20. Bh6 Ke7 21. Bxf8+ Rxf8 22. Bxf7 Rxf7 23. Rf1 c4 24. Kg2 Rg7 25. Qf5 Rf7 26. g4 h6 27. h4 Rf8 28. Qh7+ Rf7 29. Qxh6 cxd3 30. cxd3 d5 31. g5 Bg7 32. Rxf7+ Kxf7 33. Qb6 1-0

[Event "NAYCC U16"]
[Site "Kingston CAN"]
[Date "2025.08.20"]
[Round "5.4"]
[White "Willy, Stephen"]
[Black "Zhang, Brian"]
[Result "1-0"]
[WhiteElo "2242"]
[BlackElo "1985"]
[WhiteFideId "-1"]
[WhiteFideId "-1"]
[PlyCount "95"]
[GameId "2217419106854851"]
[EventDate "2025.08.18"]
[EventType "swiss"]
[EventRounds "9"]
[EventCountry "CAN"]

1. Nf3 d5 2. e3 Nf6 3. c4 e6 4. Nc3 b6 5. cxd5 exd5 6. g3 Bb7 7. Bg2 Bd6 8. O-O O-O 9. b3 Re8 10. Bb2 a6 11. Ne2 Nbd7 12. Rc1 Rc8 13. Nfd4 c5 14. Nf5 Bf8 15. d4 g6 16. Nh4 Bg7 17. dxc5 Nxc5 18. Rc2 Nce4 19. Rxc8 Bxc8 20. Qa1 Qe7 21. Nf3 Bb7 22. Bd4 Qd6 23. Nf4 Rc8 24. Qb2 b5 25. Bh3 Re8 26. Rc1 g5 27. Nd3 g4 28. Bxg4 Nxg4 29. Bxg7 f6 30. Nd4 Qd7 31. f3 Qxg7 32. Nf5 Qg6 33. fxg4 Kh8 34. h3 Bc8 35. Nf4 Qf7 36. Rc6 Bxf5 37. gxf5 Qd7 38. Re6 Rxe6 39. fxe6 Qg7 40. g4 Qe7 41. Qc2 Kg7 42. Qc6 Qb4 43. Qc7+ Kh6 44. Ng2 Qd2 45. e7 Qd1+ 46. Kh2 Ng5 47. e8=Q Nf3+ 48. Kg3 1-0

[Event "NAYCC U16"]
[Site "Kingston CAN"]
[Date "2025.08.20"]
[Round "5.5"]
[White "Tseng, Bradley"]
[Black "Liu, Ethan"]
[Result "0-1"]
[WhiteElo "1786"]
[BlackElo "2136"]
[WhiteFideId "-1"]
[WhiteFideId "-1"]
[PlyCount "58"]
[GameId "2217419106858948"]
[EventDate "2025.08.18"]
[EventType "swiss"]
[EventRounds "9"]
[EventCountry "CAN"]

1. e4 c5 2. Nf3 e6 3. Nc3 Nc6 4. Bb5 Nge7 5. O-O a6 6. Bxc6 Nxc6 7. d4 cxd4 8. Nxd4 Qc7 9. Re1 Bd6 10. Nxc6 dxc6 11. Qh5 e5 12. f4 O-O 13. f5 f6 14. Kh1 Qf7 15. Qh4 Rd8 16. Be3 b5 17. Bb6 Rd7 18. Rad1 Rb8 19. Ba7 Rbb7 20. Bf2 Bb4 21. Qh3 Rxd1 22. Rxd1 Rd7 23. Rxd7 Qxd7 24. Qe3 Be7 25. Bg1 Bb7 26. Qa7 g6 27. h3 gxf5 28. exf5 c5 29. Kh2 Qc6 0-1

[Event "NAYCC U16"]
[Site "Kingston CAN"]
[Date "2025.08.20"]
[Round "5.6"]
[White "Dhaliwal, Jaipreet Singh"]
[Black "Iordanescu, Victor Nicolae"]
[Result "0-1"]
[WhiteElo "2036"]
[BlackElo "1901"]
[WhiteFideId "-1"]
[WhiteFideId "-1"]
[PlyCount "156"]
[GameId "2217419106871237"]
[EventDate "2025.08.18"]
[EventType "swiss"]
[EventRounds "9"]
[EventCountry "CAN"]

1. e4 c5 2. Nf3 Nc6 3. d4 cxd4 4. Nxd4 e5 5. Nb5 d6 6. N1c3 a6 7. Na3 Be7 8. Nc4 b5 9. Ne3 Nf6 10. Bd3 Nb4 11. Be2 O-O 12. O-O Be6 13. a3 Nc6 14. Bd3 Rc8 15. Bd2 d5 16. exd5 Nxd5 17. Ncxd5 Bxd5 18. Bf5 Rb8 19. Bc3 Bc4 20. Re1 g6 21. Bg4 f5 22. Nxc4 fxg4 23. Qxg4 Qc8 24. Ne3 Qxg4 25. Nxg4 Rbc8 26. Bxe5 h5 27. Ne3 Nxe5 28. Nd5 Bd6 29. Rad1 Rxc2 30. Ne3 Rc6 31. Nd5 Ng4 32. Rd2 Bxh2+ 33. Kh1 Bd6 34. f3 Nf6 35. Nc3 b4 36. Ne2 Re8 37. Ra1 bxa3 38. bxa3 Rec8 39. g3 Be5 40. Raa2 Rd6 41. f4 Rxd2 42. Rxd2 Bb8 43. Rb2 Ba7 44. Kg2 Rc7 45. Kf3 Rd7 46. Rb3 Ng4 47. Nc1 Re7 48. Kg2 Kf7 49. Nd3 Rd7 50. Rc3 Ke6 51. Kf3 Rd6 52. Ke2 Kf5 53. Nb4 Nf6 54. Kf3 Ne4 55. Rc7 Nd2+ 56. Ke2 Bb6 57. Rc2 Nb3 58. Rc8 Kg4 59. Nxa6 Nd4+ 60. Kf1 Kxg3 61. Nb4 Nf3 62. Rc2 Nd2+ 63. Ke2 h4 64. Rc3+ Kg2 65. Nd3 Ne4 66. Ne1+ Kh2 67. Nf3+ Kg3 68. Rb3 Kg4 69. Ne5+ Kxf4 70. Nc4 Ng3+ 71. Ke1 Re6+ 72. Kd2 h3 73. Nxb6 Rd6+ 74. Kc3 h2 75. Nc4 Rc6 76. Rb1 h1=Q 77. Rxh1 Nxh1 78. Kb4 g5 {...} 0-1

[Event "NAYCC U16"]
[Site "Kingston CAN"]
[Date "2025.08.20"]
[Round "5.7"]
[White "Jiang, Barron Jiyu"]
[Black "Velasquez, Noah"]
[Result "1/2-1/2"]
[WhiteElo "1883"]
[BlackElo "1774"]
[WhiteFideId "-1"]
[WhiteFideId "-1"]
[PlyCount "133"]
[GameId "2217419106883526"]
[EventDate "2025.08.18"]
[EventType "swiss"]
[EventRounds "9"]
[EventCountry "CAN"]

1. e4 e5 2. Nf3 Nc6 3. Bb5 Bc5 4. O-O d6 5. h3 Nf6 6. Re1 O-O 7. c3 Bd7 8. Ba4 h6 9. d3 a6 10. Nbd2 Re8 11. Nf1 b5 12. Bc2 d5 13. exd5 Nxd5 14. Bb3 Nf6 15. Ng3 Be6 16. Be3 Bxe3 17. Rxe3 Nd5 18. Re4 f5 19. Re1 Qd6 20. Nh4 Nce7 21. Qe2 Nf4 22. Qxe5 Qxe5 23. Rxe5 Bxb3 24. axb3 Nxd3 25. Re3 Nc5 26. Rae1 Kf7 27. Nhxf5 Nxf5 28. Rxe8 Rxe8 29. Rxe8 Kxe8 30. Nxf5 Kf7 31. Nd4 Nd3 32. Kf1 Nxb2 33. Ke2 c5 34. Nc6 Ke6 35. Kd2 c4 36. b4 Nd3 37. Ke3 Kd5 38. Nb8 g5 39. g3 Nb2 40. Kd2 Ke4 41. Ke2 Na4 42. f3+ Kd5 43. Kd2 Kd6 44. f4 gxf4 45. gxf4 Kc7 46. Nxa6+ Kb6 47. Nc5 Nxc5 48. bxc5+ Kxc5 49. f5 Kd5 50. Ke3 h5 51. f6 Ke6 52. Kd4 Kxf6 53. Kc5 Kg5 54. Kxb5 Kh4 55. Kxc4 Kxh3 56. Kb5 h4 57. c4 Kg3 58. c5 h3 59. c6 h2 60. c7 h1=Q 61. c8=Q Qb1+ 62. Ka6 Qa2+ 63. Kb7 Qb3+ 64. Ka8 Qa4+ 65. Kb8 Qb5+ 66. Qb7 Qxb7+ 67. Kxb7 1/2-1/2

[Event "NAYCC U16"]
[Site "Kingston CAN"]
[Date "2025.08.20"]
[Round "5.8"]
[White "Sethi, Aaron"]
[Black "Tang, Dylan"]
[Result "0-1"]
[WhiteElo "1811"]
[BlackElo "2246"]
[WhiteFideId "-1"]
[WhiteFideId "-1"]
[PlyCount "72"]
[GameId "2217419106891719"]
[EventDate "2025.08.18"]
[EventType "swiss"]
[EventRounds "9"]
[EventCountry "CAN"]

1. e4 e5 2. Nf3 Nc6 3. Bc4 Bc5 4. c3 Nf6 5. d4 exd4 6. e5 d5 7. Bb5 Ne4 8. cxd4 Bb6 9. Nc3 O-O 10. Be3 Bg4 11. h3 Bh5 12. Qc2 Ba5 13. O-O Bxf3 14. gxf3 Ng5 15. Kg2 Bxc3 16. bxc3 Ne6 17. Bd3 g6 18. f4 f5 19. Qe2 Ne7 20. h4 h5 21. Rg1 Rf7 22. Kh3 Rg7 23. c4 Qd7 24. Kh2 dxc4 25. Bxc4 Kh7 26. Rad1 c6 27. a4 Rd8 28. Qa2 Nd5 29. Qd2 Qe7 30. Kh3 Qa3 31. Bxd5 Rxd5 32. Ra1 Qe7 33. Qb2 Qd8 34. Rad1 c5 35. Qc2 cxd4 36. Qa2 dxe3 0-1